| Tag |
First Indicator |
Second Indicator |
Subfields |
| LEADER |
00000cam a2200000 a 4500 |
| 001 |
in00000631521 |
| 005 |
20151015052605.0 |
| 008 |
800312s1979 dcua b 00010 engmd |
| 010 |
|
|
|a 79064098
|
| 020 |
|
|
|a 0819107549
|
| 035 |
|
|
|a (OCoLC)06073712
|
| 035 |
|
|
|9 ACU2209AM
|
| 040 |
|
|
|a GZO
|c GZO
|d m.c.
|d TXA
|d UtOrBLW
|
| 049 |
|
|
|a TXAM
|c [444275]
|
| 090 |
|
|
|a JF51
|b .B6
|
| 100 |
1 |
|
|a Bouscaren, Anthony Trawick.
|
| 245 |
1 |
0 |
|a Comparative government :
|b Europe and Asia /
|c Anthony Trawick Bouscaren.
|
| 264 |
|
1 |
|a Washington, D.C. :
|b University Press of America,
|c [1979]
|
| 264 |
|
4 |
|c ©1979
|
| 300 |
|
|
|a 185 pages :
|b illustrations ;
|c 23 cm.
|
| 336 |
|
|
|a text
|b txt
|2 rdacontent
|
| 337 |
|
|
|a unmediated
|b n
|2 rdamedia
|
| 338 |
|
|
|a volume
|b nc
|2 rdacarrier
|
| 504 |
|
|
|a Bibliography: pages 183-185.
|
| 650 |
|
0 |
|a Comparative government.
|
| 651 |
|
0 |
|a Europe
|x Politics and government.
|
| 651 |
|
0 |
|a Asia
|x Politics and government.
|
| 999 |
|
|
|a MARS
|
| 999 |
f |
f |
|s e78fecd3-9709-3b38-b5f6-4dd15739a3e9
|i bd3a5bcd-ab08-3220-8709-31f3240ddd4c
|t 0
|
| 952 |
f |
f |
|p ric
|a Texas A&M University
|b Rellis Campus
|c Joint Library Facility
|d Remote Storage
|t 0
|e JF51 .B6
|h Library of Congress classification
|i unmediated -- volume
|m A14803081866
|
| 998 |
f |
f |
|a JF51 .B6
|t 0
|l Remote Storage
|